000 00599cam a22002291 4500
001 sa 67002475
003 DLC
005 20260227112331.0
008 890913s1966 ii c b 000 0 telo
010 _asa 67002475
035 _a(OCoLC)20337314
040 _aDLC
_cWaU
_dDLC
042 _apremarc
050 0 0 _aDS479.1.L27
_bS2
100 2 _aSatyanarayana Murty, Polapragada,
_d1929-
245 1 0 _aLālā Lajapatirāy.
260 _c1966.
300 _aii, 97, [2] p.
_bport.
_c22 cm.
500 _aIn Telugu.
504 _aBibliography: p. [99]
600 0 0 _aLajpat Rai,
_cLala,
_d1865-1928.
999 _c73283
_d73283